000 00964nmm a2200265 a 4500
003 AR-BaBNM
005 20251128211053.0
008 022020s1995 ||||||||||||||000 | spa||
020 _a987-95601-0-8
040 _cAR-BaBNM
110 2 _aPequeña Obra de la Divina Providencia
_bSecretariado General de Pastoral Educativa
111 2 _aEncuentro Internacional sobre la Escuela Católica Orionita
_d1993
_cSantiago de Chile
245 1 0 _aProyecto Educativo Orionita
260 _aBuenos Aires
_bLa Obra
_c1995
300 0 _a125 p.
500 0 _aContiene apéndice con listado de centros educativos de la Pequeña Obra de la Divina Providencia
500 0 _aEste material se publica en el centenario del primer colegio fundado por Don Orione
600 0 4 _aDon Orione
650 4 _aEDUCACION RELIGIOSA
650 4 _aFINALIDADES DE LA EDUCACION
650 4 _aEDUCACION CRISTIANA
650 4 _aINSTITUCIONES RELIGIOSAS
942 _cBK
998 _craquel
999 _c18097
_d18097